Sources of high power ion beams for technological applications; Vacuum; Vol. 42, iss. 1-2 (spec. iss.)

Detaylı Bibliyografya
Parent link:Vacuum
Vol. 42, iss. 1-2 (spec. iss.).— 1991.— [P. 159–162]
Diğer Yazarlar: Isakov I. F., Kolodii V. N., Opekunov M. S., Matvienko V. M., Pechenkin S. A., Remnev (Remnyov) G. E. Gennady Efimovich, Usov Y. P. Yuri Petrovich
Özet:Title screen
This report describes two sources of high power ion beams of nanosecond duration. The first one produces ions with energy up to 125 keV, pulse duration from 20 to 200 ns, current density for heavy ions (Al+, Mg+, Fe+, W+, etc.) 1-2 A cm−2 and energy of 12 to 120 J deposited by the beam. The second one produces, respectively, 300 keV, 50 ns, 40 to 200 A cm−2 current of H+ and C+ ions and a kJ energy. The sources are powered by various diode systems and can be applied to scientific research and technology for materials science.
Режим доступа: по договору с организацией-держателем ресурса
Dil:İngilizce
Baskı/Yayın Bilgisi: 1991
Konular:
Online Erişim:http://dx.doi.org/10.1016/0042-207X(91)90101-N
Materyal Türü: MixedMaterials Elektronik Kitap Bölümü
KOHA link:https://koha.lib.tpu.ru/cgi-bin/koha/opac-detail.pl?biblionumber=645363

MARC

LEADER 00000nla0a2200000 4500
001 645363
005 20250321154434.0
035 |a (RuTPU)RU\TPU\network\10447 
035 |a RU\TPU\network\10445 
090 |a 645363 
100 |a 20151216d1991 k||y0rusy50 ba 
101 0 |a eng 
135 |a drcn ---uucaa 
181 0 |a i  
182 0 |a b 
200 1 |a Sources of high power ion beams for technological applications  |f I. F. Isakov [et al.] 
203 |a Text  |c electronic 
300 |a Title screen 
320 |a [References: p. 162 (8 tit.)] 
330 |a This report describes two sources of high power ion beams of nanosecond duration. The first one produces ions with energy up to 125 keV, pulse duration from 20 to 200 ns, current density for heavy ions (Al+, Mg+, Fe+, W+, etc.) 1-2 A cm−2 and energy of 12 to 120 J deposited by the beam. The second one produces, respectively, 300 keV, 50 ns, 40 to 200 A cm−2 current of H+ and C+ ions and a kJ energy. The sources are powered by various diode systems and can be applied to scientific research and technology for materials science. 
333 |a Режим доступа: по договору с организацией-держателем ресурса 
461 |t Vacuum 
463 |t Vol. 42, iss. 1-2 (spec. iss.)  |v [P. 159–162]  |d 1991 
610 1 |a электронный ресурс 
610 1 |a труды учёных ТПУ 
701 1 |a Isakov  |b I. F. 
701 1 |a Kolodii  |b V. N. 
701 1 |a Opekunov  |b M. S. 
701 1 |a Matvienko  |b V. M. 
701 1 |a Pechenkin  |b S. A. 
701 1 |a Remnev (Remnyov)  |b G. E.  |c physicist  |c Professor of Tomsk Polytechnic University, Doctor of technical sciences  |f 1948-  |g Gennady Efimovich  |3 (RuTPU)RU\TPU\pers\31500  |9 15661 
701 1 |a Usov  |b Y. P.  |c Professor of Tomsk Polytechnic University, Electrical engineer, Doctor of Technical Sciences  |f 1937-  |g Yuri Petrovich  |3 (RuTPU)RU\TPU\pers\28977 
801 2 |a RU  |b 63413507  |c 20151216  |g RCR 
856 4 |u http://dx.doi.org/10.1016/0042-207X(91)90101-N 
942 |c CF